| Поле | Название | Значение |
| |
Тип записи |
a |
| |
Библиографический уровень |
m |
| 001 |
Контрольный номер |
RU/SLIB/B/211474710 |
| 005 |
Дата корректировки |
20240221163755.1 |
| 010 |
Индекс ISBN |
__ |
| a |
ISBN |
5-469-00224-1 |
| d |
Цена |
25-60 |
| 101 |
Язык документа |
0_ |
| a |
Язык текста |
rus |
| 200 |
Заглавие и сведения об ответственности |
1_ |
| a |
Заглавие |
Скипидарные ванны. Учение Залманова |
| f |
Первые сведения об ответственности |
Олег Мазур |
| b |
Общее обозначение материала |
Текст |
| 210 |
Выходные данные |
1_ |
| a |
Место издания |
СПб. [и др.] |
| c |
Издательство |
Питер |
| d |
Дата издания |
2006 |
| 215 |
Физическое описание |
__ |
| a |
Объем |
128 с. |
| 225 |
Серия |
2_ |
| a |
Серия |
Исцели себя сам |
| 327 |
Примечание о содержании |
0_ |
| a |
Примечание о содержании |
Учение Залманова |
| 330 |
Аннотация |
__ |
| a |
Аннотация |
Основу методики капиллярных ванн составляет капилляротерапия, или глубинное рефлекторное воздействие на самые важные для организма кровеносные сосуды - капилляры и обменные процесы, зависящие от них. |
| 517 |
Другие варианты заглавия |
1_ |
| a |
Другие варианты заглавия |
Учение Залманова |
| 606 |
Тематические рубрики |
__ |
| a |
Основная рубрика |
Здравоохранение. Медицинские науки |
| 606 |
Тематические рубрики |
__ |
| a |
Основная рубрика |
Курортология |
| 610 |
Ключевые слова |
0_ |
| a |
Ключевые слова |
капиллярные ванны; скипидарные ванны; скипидарные смеси; капилляротерапия; капилляры; гипертония; артерииты; остеохондроз; ожирение; импотенция; ванны Залманова |
| 686 |
Индексы других классификаций |
__ |
| a |
Классификационный индекс |
53.544 |
| 700 |
Автор |
_1 |
| a |
Фамилия |
Мазур |
| b |
Имя |
О. А. |
| 4 |
Код отношения |
070 |
| 801 |
Источник записи |
_0 |
| a |
Страна |
RU |
| b |
Организация |
Муниципальное бюджетное учреждение культуры "Централизованная библиотечная система" г. Сургут (Центральная городская библиотека им. А. С. Пушкина) |
| g |
Правила каталогизации |
КиК/Елгина |
| 801 |
Источник записи |
_1 |
| a |
Страна |
RU |
| b |
Организация |
Муниципальное бюджетное учреждение культуры "Централизованная библиотечная система" г. Сургут (Центральная городская библиотека им. А. С. Пушкина) |
| g |
Правила каталогизации |
КиК/Елгина |
| 852 |
Данные о местонахождении |
__ |
| j |
Шифр хранения |
53.544 |
| c |
Каталожный индекс |
53.58 |
| i |
Авторский знак |
М 13 |
| 901 |
Тип документа |
__ |
| t |
Тип документа |
m |
| 903 |
Характеристики (МАРС) |
__ |
| a |
Дата передачи |
20060920 |
| 990 |
Данные о заказе (DOS) |
__ |
| j |
Количество экземпляров (DOS) |
3 |
| h |
N записи в КСУ для Б/У (DOS) |
200610 |